Fisheries and aquaculture economics

Main Author: Flaaten, Ola
Edition: 2nd edition.
Subjects:
Online Access: http://library.unisel.edu.my/equip-unisel/custom/ebook_catalog/fisheriesandaquacultureeconomics.pdf
LEADER 00878cam a2200241 7i4500
001 0000055484
005 20260305090000.0
020 |a 9788740322811 (electronic book)  
090 0 0 |a SH331   |b .F53 2018 
100 1 |a Flaaten, Ola  
245 1 0 |a Fisheries and aquaculture economics   |c Ola Flaaten. 
250 |a 2nd edition. 
300 |a 1 online resource (297 pages):   |b text file, PDF. 
336 |a text  |2 rdacontent 
337 |a computer  |2 rdamedia 
338 |a online resource  |2 rdacarrier 
650 0 |a Fisheries  
650 0 |a Aquaculture  
655 0 |a Electronic books 
856 4 2 |u http://library.unisel.edu.my/equip-unisel/custom/ebook_catalog/fisheriesandaquacultureeconomics.pdf 
997 |a Engineering & Life Sciences, Faculty  |b Science & Biotechnology, Department 
998 |a Biotechnology & Life Sciences, Diploma 
999 |a EBO0001722  |b EBOOK  |c EBOOK  |e Electronic resources